| 000 | 03906nam a22006735i 4500 | ||
|---|---|---|---|
| 001 | 978-3-319-56414-2 | ||
| 003 | DE-He213 | ||
| 005 | 20210118122923.0 | ||
| 007 | cr nn 008mamaa | ||
| 008 | 170404s2017 gw | s |||| 0|eng d | ||
| 020 |
_a9783319564142 _9978-3-319-56414-2 |
||
| 024 | 7 |
_a10.1007/978-3-319-56414-2 _2doi |
|
| 050 | 4 | _aQ337.5 | |
| 050 | 4 | _aTK7882.P3 | |
| 072 | 7 |
_aUYQP _2bicssc |
|
| 072 | 7 |
_aCOM016000 _2bisacsh |
|
| 072 | 7 |
_aUYQP _2thema |
|
| 082 | 0 | 4 |
_a006.4 _223 |
| 245 | 1 | 0 |
_aReproducible Research in Pattern Recognition _h[electronic resource] : _bFirst International Workshop, RRPR 2016, Cancún, Mexico, December 4, 2016, Revised Selected Papers / _cedited by Bertrand Kerautret, Miguel Colom, Pascal Monasse. |
| 250 | _a1st ed. 2017. | ||
| 264 | 1 |
_aCham : _bSpringer International Publishing : _bImprint: Springer, _c2017. |
|
| 300 |
_aX, 179 p. 88 illus. _bonline resource. |
||
| 336 |
_atext _btxt _2rdacontent |
||
| 337 |
_acomputer _bc _2rdamedia |
||
| 338 |
_aonline resource _bcr _2rdacarrier |
||
| 347 |
_atext file _bPDF _2rda |
||
| 490 | 1 |
_aImage Processing, Computer Vision, Pattern Recognition, and Graphics ; _v10214 |
|
| 505 | 0 | _aPattern recognition algorithms -- Reproducible research frameworks -- Reproducible research results -- Previous works on reproducible research. | |
| 520 | _aThis book constitutes the thoroughly refereed post-proceedings of the First International Workshop on Reproducible Research in Pattern Recognition, RRPR 2016, held in Cancún, Mexico, in December 2016. The 12 revised full papers, among them 2 invited talks, presented were carefully reviewed and selected from 16 submissions. They focus on pattern recognition algorithms; reproducible research frameworks; reproducible research results, previous works on reproducible research. | ||
| 650 | 0 | _aPattern recognition. | |
| 650 | 0 | _aOptical data processing. | |
| 650 | 0 | _aArtificial intelligence. | |
| 650 | 0 | _aSoftware engineering. | |
| 650 | 0 | _aApplication software. | |
| 650 | 1 | 4 |
_aPattern Recognition. _0http://scigraph.springernature.com/things/product-market-codes/I2203X |
| 650 | 2 | 4 |
_aImage Processing and Computer Vision. _0http://scigraph.springernature.com/things/product-market-codes/I22021 |
| 650 | 2 | 4 |
_aArtificial Intelligence. _0http://scigraph.springernature.com/things/product-market-codes/I21000 |
| 650 | 2 | 4 |
_aSoftware Engineering. _0http://scigraph.springernature.com/things/product-market-codes/I14029 |
| 650 | 2 | 4 |
_aInformation Systems Applications (incl. Internet). _0http://scigraph.springernature.com/things/product-market-codes/I18040 |
| 700 | 1 |
_aKerautret, Bertrand. _eeditor. _4edt _4http://id.loc.gov/vocabulary/relators/edt |
|
| 700 | 1 |
_aColom, Miguel. _eeditor. _4edt _4http://id.loc.gov/vocabulary/relators/edt |
|
| 700 | 1 |
_aMonasse, Pascal. _eeditor. _4edt _4http://id.loc.gov/vocabulary/relators/edt |
|
| 710 | 2 | _aSpringerLink (Online service) | |
| 773 | 0 | _tSpringer eBooks | |
| 776 | 0 | 8 |
_iPrinted edition: _z9783319564135 |
| 776 | 0 | 8 |
_iPrinted edition: _z9783319564159 |
| 830 | 0 |
_aImage Processing, Computer Vision, Pattern Recognition, and Graphics ; _v10214 |
|
| 856 | 4 | 0 | _uhttps://doi.org/10.1007/978-3-319-56414-2 |
| 912 | _aZDB-2-SCS | ||
| 912 | _aZDB-2-LNC | ||
| 999 |
_c445869 _d445869 |
||
| 942 | _cEB | ||
| 506 | _aAvailable to subscribing member institutions only. Доступно лише організаціям членам підписки. | ||
| 506 | _fOnline access from local network of NaUOA. | ||
| 506 | _fOnline access with authorization at https://link.springer.com/ | ||
| 506 | _fОнлайн-доступ з локальної мережі НаУОА. | ||
| 506 | _fОнлайн доступ з авторизацією на https://link.springer.com/ | ||